| 000 | nam a22 7a 4500 | ||
|---|---|---|---|
| 999 |
_c18047 _d18047 |
||
| 008 | 161202b xxu||||| |||| 00| 0 eng d | ||
| 020 | _a1256628387 | ||
| 050 | _aQC 23.2 .P43 2012 | ||
| 100 | _d2012 | ||
| 245 |
_aPearson custom library: _bphysics & astronomy. |
||
| 260 |
_aNY: _bPearson, _c2012. |
||
| 300 | _axviii,1260[47]p. | ||
| 650 | _aPhysics. | ||
| 650 | _aCalculus. | ||
| 942 |
_2lcc _cBOOKS _hQC 23.2 .P43 2012 |
||